Návrh zlepšenia metodiky implementácie controllingu nákladov v spoločnosti Faurecia Automotive Slovakia s.r.o., o.z. Seating Trnava

Salvato in:
Dettagli Bibliografici
Autore principale: Humenský, Juraj (Autore)
Altri autori: Baran, Dušan (Relatore della tesi)
Natura: Manoscritto Libro
Lingua:slovacco
Pubblicazione: 2018
Soggetti:
Accesso online:http://is.stuba.sk/zp/portal_zp.pl?podrobnosti=138482
Tags: Aggiungi Tag
Nessun Tag, puoi essere il primo ad aggiungerne!!

MARC

LEADER 00000ntm a22000003a 4500
001 stuzp66420
003 SK-STU
005 20180820153040.7
007 ta
008 150427s2015----xo-----f-mn---000-0-slo-d
040 |a STU  |b slo 
041 0 |a slo 
100 1 |a Humenský, Juraj  |u 064000  |4 aut  |U MTF Materiálovotechnologická fakulta  |T MTF Ústav priemyselného inžinierstva a manažmentu  |X 71692  |U M4000  |Y 84  |7 71692 
242 0 1 |a Improvement implementation methodology of controlling of cost in company Faurecia Automotive Slovakia s.r.o., o.z. Seating Trnava  |y eng 
245 1 0 |a Návrh zlepšenia metodiky implementácie controllingu nákladov v spoločnosti Faurecia Automotive Slovakia s.r.o., o.z. Seating Trnava 
260 |c 2018 
650 4 |a cost calculation  |2 eng 
650 4 |a controlling of cost  |2 eng 
650 4 |a key performance indicators  |2 eng 
650 4 |a information system  |2 eng 
650 4 |a controller  |2 eng 
650 4 |a kľúčové ukazovatele výkonnosti  |2 slo 
650 4 |a informačný systém  |2 slo 
650 4 |a kalkulácie nákladov  |2 slo 
650 4 |a controlling nákladov  |2 slo 
650 4 |a controllér  |2 slo 
700 1 |a Baran, Dušan  |u 064000  |k Z1  |4 ths  |U MTF Materiálovotechnologická fakulta  |T MTF Ústav priemyselného inžinierstva a manažmentu  |X 1021  |U M4000  |Y 84  |7 A000001021 
856 4 |u http://is.stuba.sk/zp/portal_zp.pl?podrobnosti=138482 
996 |c M* DP-13735  |l MMSKP  |s P  |a 0  |w stuzp66420_0001